Name a Valid FIFA Member - Statistics

General Stats
  • This quiz has been taken 583 times
    317 since last reset
  • The average score is 13 of 16
Answer Stats
Name a FIFA member that... Answer % Correct
has won the World Cup since 2000 Brazil | Italy | Spain | Germany | France | Argentina
100%
has played in the World Cup more than 15 times Brazil | Germany | Argentina | Italy | Mexico | France | England | Spain
98%
has won the UEFA European Championship just once Soviet Union | Czechoslovakia | Netherlands | Denmark | Greece | Portugal
96%
isn't from Europe but is a UEFA member Armenia | Azerbaijan | Cyprus | Georgia | Israel | Kazakhstan | Turkey
95%
has won the AFC Asian Cup Australia | Iran | Iraq | Israel | Japan | Kuwait | Qatar | Saudi Arabia | South Korea
94%
has won the Africa Cup of Nations at least twice Egypt | Cameroon | Ghana | Nigeria | Algeria | D.R. Congo | Ivory Coast
94%
is one of the top 10 highest-ranked members in FIFA World Rankings Argentina | France | Spain | England | Brazil | Belgium | Netherlands | Portugal | Colombia | Italy
89%
is a confirmed future World Cup host (Excluding anniversary match hosts) Canada | Mexico | United States | Morocco | Portugal | Spain | Saudi Arabia
88%
has reached Top 3 in the World Cup in their first appearance (Not counting the first World Cup) Croatia | Czechoslovakia | Germany | Hungary | Italy | Portugal
87%
is a CONMEBOL member Argentina | Bolivia | Brazil | Chile | Colombia | Ecuador | Paraguay | Peru | Uruguay | Venezuela
83%
is from South America and has never played in the World Cup Guyana | Suriname | Venezuela
83%
has become a member after 2010 Gibraltar | Kosovo | South Sudan
78%
is one of the top 10 lowest-ranked members in FIFA World Rankings San Marino | Anguilla | U.S. Virgin Islands | British Virgin Islands | Turks and Caicos Islands | Sri Lanka | Guam | Bahamas | Somalia
78%
has played three or more times in a World Cup final but has never won it Netherlands
76%
was a FIFA member before 1930 and has never played in the World Cup Estonia | Finland | Latvia | Lithuania | Luxembourg | Suriname | Thailand
49%
has won the Oceanian Football Championship and is not Australia or New Zealand Tahiti
36%
No matching quizzes found
Score Distribution
Percent of People with Each Score
Percentile by Number Answered
Your Score History
You have not taken this quiz since the last reset